000 00729nam a2200229 a 4500
005 20220804081800.0
008 991125s1985 mx 000 0 spa u
020 _a9684322550
035 _aUPN01000035156
049 _aCG
050 4 _aPR4854
_bL5.2a 1985
100 1 _aKipling, Rudyard,
_d1864-1936
_928832
245 1 3 _aEl libro de las tierras vírgenes /
_cRudyard Kipling ; introd. de Arturo Souto Alabarce ; tr. Adolfo A. de Alba.
250 _a8a ed.
260 _aMéxico :
_bPorrúa,
_c1985.
300 _a229 p.
440 0 _aSepan cuantos ;
_v204
534 _pTítulo original:
_tThe jungle book
650 0 _aLiteratura juvenil inglesa
_912778
650 7 _aAnimales en la literatura
_2
_91055
905 _aLibro
999 _c35156
_d35156